| 000 | 00459nam a22001697a 4500 | ||
|---|---|---|---|
| 003 | OSt | ||
| 005 | 20220318101442.0 | ||
| 008 | 220318b |||||||| |||| 00| 0 eng d | ||
| 020 | _a0-87371-318-4 | ||
| 040 |
_aDDC _cHU |
||
| 082 |
_21ST _a628.4456 _b2 |
||
| 100 |
_aMARTIN N. SARA _933410 |
||
| 245 | _aSTANDARD HANDBOOK FOR SOLID AND HAZARDOUS WASTE FACILITY ASSESSMENTS | ||
| 250 | _a1ST | ||
| 260 |
_aTOKYO _bLEWIS PUBLISHERS _c1993 |
||
| 942 |
_2ddc _cBOOKS _n0 |
||
| 999 |
_c33113 _d33113 |
||